000 00475nam a2200169Ia 4500
999 _c3682
_d3682
003 OSt
005 20200812142759.0
008 190216s9999||||xx |||||||||||||| ||und||
040 _coclc
082 _a547
_bTEW/A
100 _aTewari, Nimai
_94075
245 0 _aAdvanced Organic Chemistry /
_cNimai Tewari
260 _bBooks And Allied Pvt Ltd,
_c2013.
_aKolkata:
300 _a834p
650 _aChemistry
942 _cBK
_2ddc
_h547
_iTEW/A
_k547
_mTEW/A